| 000 | 00502nam a2200193Ia 4500 | ||
|---|---|---|---|
| 003 | OSt | ||
| 005 | 20240416122021.0 | ||
| 008 | 210210b1964 xxu||||| |||| 00| 0 eng d | ||
| 040 | _cAL | ||
| 041 | _aKannada | ||
| 082 | _a853/525 | ||
| 100 |
_aSAMPANGI (Sa Kra) _dಸಂಪಂಗಿ (ಸ ಕೃ) _9160644 |
||
| 245 |
_aAdda gode _b ಅಡ್ಡಗೋಡೆ |
||
| 260 |
_aBengaluru _b- _c1964 |
||
| 650 |
_aADDagODe _9160645 |
||
| 690 |
_aKannada Drama _9160646 |
||
| 906 | _a019795 | ||
| 942 |
_2ddc _cBK |
||
| 999 |
_c143941 _d143941 |
||